000 00419nam a22001697a 4500
003 NUST - PNEC
005 20170116180952.0
008 150908b xxu||||| |||| 00| 0 eng d
020 _a8122403077
040 _cLIBRARY
082 _a621.38132 CHO
100 _99190
_aChoudhury, Roy
245 _aLinear integrated circuits
_cRoy Choudhury
260 _cc.1991
650 _99195
_aGandhi, Om P.
942 _2ddc
_cBK
999 _c66453
_d66453